000 00712nam a2200253Ia 4500
003 OSt
005 20220928122057.0
006 a|||||r|||| 00| 0
007 ta
008 220927b |||||||| |||| 00| 0 eng d
020 _c1159.0977
024 _a116686
037 _b154, 07/09/2012, Classic Book Service
_cTextual
040 _aSDCL
_cSDCL
_beng
041 _2eng
_aeng
082 _aR3xL24, Q2
100 _aWard Andrew
_9441551
245 0 _aStarting with Kant.
260 _aNew York
_b Continuum
_c2012
300 _axiv,176p
_ccm.
650 _aPhilosophy
942 _hR3xL24, Q2
_cTEXL
_2CC
999 _c769591
_d769591